Rosa (Record no. 158429)

MARC details
000 -LEADER
campo de control de longitud fija 00870nam a22001935i 4500
001 - NÚMERO DE CONTROL
campo de control 158429
003 - IDENTIFICADOR DE NÚMERO DE CONTROL
campo de control ES-MaACL
005 - FECHA Y HORA DE LA ÚLTIMA TRANSACCIÓN
campo de control 20230906211138.0
008 - DATOS DE LONGITUD FIJA--INFORMACIÓN GENERAL
campo de control de longitud fija 020128s1876 sp |||| | spa d
040 ## - FUENTE DE CATALOGACIÓN
Centro catalogador/agencia de origen CAM
Lengua de catalogación spa
Centro/agencia transcriptor CAM
100 1# - ENTRADA PRINCIPAL--NOMBRE DE PERSONA
Nombre de persona Madán y García, Augusto E.
9 (RLIN) 129328
245 10 - MENCIÓN DEL TÍTULO
Título Rosa
Resto del título : zarzuela en tres actos y en verso, acomodada á la música de J. Offenbach /
Mención de responsabilidad, etc. por A. Mádan y García.
260 ## - PUBLICACIÓN, DISTRIBUCIÓN, ETC.
Lugar de publicación, distribución, etc. Madrid :
Nombre del editor, distribuidor, etc. [s.n.],
Fecha de publicación, distribución, etc. 1876 (
Fabricante Imprenta de José Rodríguez)
300 ## - DESCRIPCIÓN FÍSICA
Extensión 90 p. ;
Dimensiones 19 cm.
500 ## - NOTA GENERAL
Nota general Solo el texto.
596 #1 - NOTA AL PIE DE IMPRENTA
NOTA AL PIE DE IMPRENTA Al v. de port. consta : "... Administracion Lírico-Dramática de Don Eduardo Hidalgo..."
700 0# - ENTRADA AGREGADA--NOMBRE PERSONAL
Nombre de persona Offenbach, Jacques.
9 (RLIN) 86559
852 ## - LOCALIZACIÓN
Ubicación ES-MaACL
Número de control de estantería F-8555(14)
Nota libre -- Enc. pasta española
condición física -- Falto de la cub. original
Nota libre -- Enc. en un vol. facticio formando parte de la col. facticia "Teatro español moderno", v.7
Holdings
Estatus retirado Estado de pérdida Estado de daño No para préstamo Colección Biblioteca de origen Biblioteca actual Ubicación en estantería Fecha de adquisición Total de préstamos Signatura topográfica completa Código de barras Visto por última vez Precio de reemplazo Tipo de ítem Koha
        Libros del s. XIX Biblioteca del Ateneo de Madrid Biblioteca del Ateneo de Madrid Sala Pecera Planta 2 17/01/2008   F-8555(14) 1165815 23/02/2023 23/02/2023 Libro impreso antiguo